000 00406nam a22001697a 4500
003 CEME
005 20210628204029.0
008 210105b xxu||||| |||| 00| 0 eng d
020 _a9780521198196
040 _cceme
082 _a519.39 TYU
100 _aTyukin, Ivan
_968337
245 _aAdaptation in dynamical systems
260 _aUSA
_bCAMBRIDGE
_c2011
300 _aXVII, 410P
942 _cBK
_2ddc
999 _c575938
_d575938